[Event "Rated Blitz game"]
[Site "?"]
[Date "2021.03.13"]
[Round "?"]
[White "manuelpomares"]
[Black "Blind2250"]
[Result "1-0"]
[WhiteElo "2396"]
[BlackElo "2424"]
[PlyCount "49"]
[EventDate "2021.??.??"]
[EventType "blitz"]

1. e4 e5 2. Nf3 d5 3. Nxe5 Bd6 4. d4 dxe4 5. Bc4 Bxe5 6. dxe5 Qxd1+ 7. Kxd1 Nc6
8. Bf4 Bg4+ 9. Kc1 Nge7 10. Re1 O-O-O 11. h3 Bh5 12. Nc3 Ng6 13. Bg5 Rdf8 14.
e6 Nge5 15. Bd5 fxe6 16. Bxe6+ Kb8 17. Nxe4 Re8 18. Bd5 Nb4 19. Bb3 Ned3+ 20.
cxd3 Nxd3+ 21. Kd2 Nxe1 22. Rxe1 Rd8+ 23. Bxd8 Rxd8+ 24. Ke3 Bg6 25. f3 {Normal
} 1-0

[Event "Rated Blitz tournament Q1xUf6YA"]
[Site "?"]
[Date "2021.03.13"]
[Round "?"]
[White "www68"]
[Black "batasjon"]
[Result "1-0"]
[WhiteElo "2598"]
[BlackElo "2242"]
[PlyCount "83"]
[EventDate "2021.??.??"]
[EventType "blitz"]

1. e4 e5 2. Nf3 d5 3. Nxe5 Bd6 4. d4 dxe4 5. Nc4 Nf6 6. Be2 O-O 7. Be3 Nc6 8.
Nxd6 Qxd6 9. c3 h6 10. Nd2 Ne7 11. Qc2 Bf5 12. h3 Ned5 13. Nc4 Qe6 14. Qb3 c6
15. g4 Bh7 16. Ne5 Nxe3 17. fxe3 Nd5 18. Kd2 f6 19. Nc4 b5 20. Na5 Qd6 21. Rag1
a6 22. c4 bxc4 23. Nxc4 Qe6 24. a3 Rab8 25. Qc2 f5 26. gxf5 Rxf5 27. Rg2 c5 28.
Rhg1 g5 29. h4 cxd4 30. hxg5 Nxe3 31. Nxe3 dxe3+ 32. Ke1 Rc8 33. gxh6+ Kh8 34.
Qa4 Rc1+ 35. Bd1 Rd5 36. Ke2 Rd2+ 37. Kxe3 Qxh6+ 38. Rg5 Rd3+ 39. Ke2 Qh2+ 40.
R1g2 Qh3 41. Qe8+ Bg8 42. Qxg8# {Normal} 1-0

[Event "Rated Blitz game"]
[Site "?"]
[Date "2021.03.13"]
[Round "?"]
[White "Samy1975"]
[Black "blackwolfrun"]
[Result "1/2-1/2"]
[WhiteElo "2416"]
[BlackElo "2238"]
[PlyCount "76"]
[EventDate "2021.??.??"]
[EventType "blitz"]

1. e4 e5 2. Nf3 d5 3. exd5 e4 4. Qe2 Nf6 5. d3 Qxd5 6. Nc3 Bb4 7. Bd2 Bxc3 8.
Bxc3 O-O 9. Ne5 Re8 10. d4 Nc6 11. Nxc6 Qxc6 12. Qc4 Bd7 13. Qxc6 Bxc6 14. Bc4
Nd5 15. O-O Nxc3 16. bxc3 Rad8 17. Rfe1 Kf8 18. Rad1 f5 19. d5 Bd7 20. Bb3 Ke7
21. c4 Kd6 22. f4 Kc5 23. Re3 a6 24. h4 g6 25. Kf2 h6 26. Rh1 Rg8 27. Rg3 Rg7
28. Ke3 Rdg8 29. Rb1 b6 30. a3 g5 31. hxg5 hxg5 32. fxg5 Rxg5 33. Rxg5 Rxg5 34.
Rg1 Rg3+ 35. Kf4 Rg4+ 36. Ke3 Rg3+ 37. Kf4 Rg4+ 38. Ke3 Rg3+ {Normal} 1/2-1/2

[Event "Rated Blitz game"]
[Site "?"]
[Date "2021.03.12"]
[Round "?"]
[White "YEIKOCASTELLA"]
[Black "annaly1979"]
[Result "0-1"]
[WhiteElo "2420"]
[BlackElo "2364"]
[PlyCount "56"]
[EventDate "2021.??.??"]
[EventType "blitz"]

1. e4 e5 2. Nf3 d5 3. Nxe5 Qe7 4. d4 f6 5. Nc3 fxe5 6. Nxd5 Qf7 7. Bc4 Be6 8.
Nxc7+ Qxc7 9. Bxe6 exd4 10. Qxd4 Nc6 11. Qa4 Nf6 12. O-O Bd6 13. f4 Qe7 14. f5
Qc7 15. Bg5 Bxh2+ 16. Kh1 Be5 17. Rad1 Rd8 18. Rxd8+ Kxd8 19. Rd1+ Ke8 20. b4
a6 21. b5 axb5 22. Qxb5 Kf8 23. Bxf6 gxf6 24. Rd7 Qa5 25. Qe2 Qb6 26. Rf7+ Ke8
27. Qd1 Qd4 28. Qh5 Qa1+ {Normal} 0-1

[Event "Rated Rapid game"]
[Site "?"]
[Date "2021.03.12"]
[Round "?"]
[White "rita2021"]
[Black "Erijonni61_Garuda"]
[Result "1-0"]
[WhiteElo "2416"]
[BlackElo "2261"]
[PlyCount "39"]
[EventDate "2021.??.??"]
[EventType "rapid"]

1. e4 e5 2. Nf3 d5 3. exd5 e4 4. Qe2 Nf6 5. Nc3 Bc5 6. d3 O-O 7. dxe4 Nbd7 8.
Bg5 h6 9. Bxf6 Nxf6 10. O-O-O Bg4 11. e5 Re8 12. Qc4 Nd7 13. Qxg4 Nxe5 14. Nxe5
Rxe5 15. Bc4 Bxf2 16. Rhf1 Be3+ 17. Kb1 Qd6 18. Ne4 Qb4 19. d6 Qxc4 20. Nf6+ {
Normal} 1-0

[Event "Rated Blitz game"]
[Site "?"]
[Date "2021.03.12"]
[Round "?"]
[White "DynamoTresen"]
[Black "Gifroy"]
[Result "1-0"]
[WhiteElo "2505"]
[BlackElo "2453"]
[PlyCount "97"]
[EventDate "2021.??.??"]
[EventType "blitz"]

1. e4 e5 2. Nf3 d5 3. exd5 e4 4. Qe2 Nf6 5. d3 Be7 6. dxe4 O-O 7. Nc3 c6 8.
dxc6 Nxc6 9. Bg5 Bg4 10. h3 Bh5 11. Qd2 Qb6 12. O-O-O h6 13. Be3 Qa5 14. Kb1
Rfd8 15. Nd5 Qxd2 16. Nxf6+ Bxf6 17. Rxd2 Rxd2 18. Nxd2 Rd8 19. g4 Bg6 20. f3
Bg5 21. Bxg5 hxg5 22. Kc1 Nd4 23. Bd3 Ne6 24. Rd1 Nf4 25. Bf1 f6 26. Nc4 Rc8
27. Ne3 Bf7 28. b3 a6 29. c4 b5 30. Kb2 bxc4 31. Nxc4 g6 32. Ne3 a5 33. Rd6 Kg7
34. Ra6 Rd8 35. Rxa5 Rd2+ 36. Ka3 Rf2 37. Ra7 Rxf3 38. Bc4 Rxe3 39. Rxf7+ Kh6
40. Rxf6 Rxe4 41. Rd6 Nxh3 42. Kb4 Nf4 43. a4 Ne2 44. a5 Nd4 45. a6 Nc2+ 46.
Ka5 Re5+ 47. Rd5 Re7 48. Kb6 Nb4 49. Rd6 {Normal} 1-0

[Event "Rated Blitz game"]
[Site "?"]
[Date "2021.03.12"]
[Round "?"]
[White "MXeuo"]
[Black "KamranShirazi"]
[Result "0-1"]
[WhiteElo "2397"]
[BlackElo "2525"]
[PlyCount "42"]
[EventDate "2021.??.??"]
[EventType "blitz"]

1. e4 e5 2. Nf3 d5 3. Nc3 dxe4 4. Nxe4 f5 5. Ng3 e4 6. Ne5 Qd4 7. Qh5+ g6 8.
Nxg6 hxg6 9. Qxg6+ Kd8 10. d3 Ne7 11. Bg5 Qxb2 12. Rd1 Qc3+ 13. Ke2 e3 14. fxe3
Nbc6 15. Qf7 f4 16. Bf6 Bg4+ 17. Kf2 fxg3+ 18. hxg3 Qxc2+ 19. Kg1 Rxh1+ 20.
Kxh1 Qxd1 21. Qxf8+ Kd7 {Normal} 0-1

[Event "Rated Blitz game"]
[Site "?"]
[Date "2021.03.12"]
[Round "?"]
[White "mohammedarrami"]
[Black "KamranShirazi"]
[Result "1-0"]
[WhiteElo "2587"]
[BlackElo "2546"]
[PlyCount "69"]
[EventDate "2021.??.??"]
[EventType "blitz"]

1. e4 e5 2. Nf3 d5 3. exd5 e4 4. Qe2 f5 5. d3 Nf6 6. Nc3 Bb4 7. dxe4 fxe4 8.
Qb5+ c6 9. Qxb4 exf3 10. Bg5 cxd5 11. Bb5+ Nc6 12. O-O-O Kf7 13. Qh4 fxg2 14.
Rhe1 Be6 15. Rxe6 Kxe6 16. Qh3+ Kf7 17. Qxg2 Rf8 18. Nxd5 Qa5 19. Nxf6 Qxb5 20.
Rd7+ Ne7 21. Rxb7 Qe5 22. Ne4 Rae8 23. f4 Qa5 24. Qe2 Kg8 25. Nd6 Qd5 26. Rxe7
Rxe7 27. Bxe7 Rb8 28. c4 Qh1+ 29. Kc2 h6 30. Qe6+ Kh7 31. Qf5+ Kh8 32. Nf7+ Kg8
33. Nxh6+ Kh8 34. Nf7+ Kg8 35. Ng5 {Time forfeit} 1-0

[Event "Rated Blitz game"]
[Site "?"]
[Date "2021.03.12"]
[Round "?"]
[White "beyondbirthday"]
[Black "pasha1984"]
[Result "1-0"]
[WhiteElo "2369"]
[BlackElo "2405"]
[PlyCount "69"]
[EventDate "2021.??.??"]
[EventType "blitz"]

1. e4 e5 2. Nf3 d5 3. exd5 e4 4. Qe2 Nf6 5. Nc3 Be7 6. Nxe4 Nxd5 7. d3 O-O 8.
Qd1 Re8 9. Be2 f5 10. Nc3 Bb4 11. Bd2 Bxc3 12. bxc3 Qe7 13. c4 Nf6 14. Bg5 h6
15. Bxf6 Qxf6 16. O-O Nc6 17. Re1 f4 18. d4 Bg4 19. d5 Bxf3 20. Bxf3 Nd4 21.
Rb1 Rxe1+ 22. Qxe1 Nxf3+ 23. gxf3 Qg6+ 24. Kh1 Re8 25. Qd2 b6 26. Rg1 Qf5 27.
c3 a5 28. Re1 Re5 29. Rxe5 Qxe5 30. Qd4 Qg5 31. c5 bxc5 32. Qxc5 h5 33. Qxc7 h4
34. Qc8+ Kh7 35. Qe6 {Time forfeit} 1-0

[Event "Rated Blitz game"]
[Site "?"]
[Date "2021.03.12"]
[Round "?"]
[White "Puricnenad"]
[Black "Dzon_Vejn"]
[Result "0-1"]
[WhiteElo "2332"]
[BlackElo "2413"]
[PlyCount "110"]
[EventDate "2021.??.??"]
[EventType "blitz"]

1. e4 e5 2. Nf3 d5 3. exd5 e4 4. Nd4 Qxd5 5. Nb3 Nc6 6. Nc3 Qe5 7. Bb5 Bd6 8.
Qe2 Nf6 9. d3 Bg4 10. Bxc6+ bxc6 11. Qe3 exd3 12. cxd3 O-O 13. Qxe5 Bxe5 14.
Be3 Rfd8 15. d4 Bd6 16. O-O Nd5 17. Nxd5 cxd5 18. Rfc1 Rab8 19. f3 Bf5 20. Rc3
h5 21. Rac1 Rb5 22. g3 f6 23. Bf4 a5 24. Bxd6 cxd6 25. a4 Rb4 26. Nxa5 Rxa4 27.
Nc6 Re8 28. Ra3 Rc4 29. Rxc4 dxc4 30. Kf2 Bd3 31. d5 Re2+ 32. Kg1 Rxb2 33. Rc3
Rb3 34. Rc1 Rb1 35. Rxb1 Bxb1 36. Kf2 c3 37. Ke3 Ba2 38. Kd3 Kf7 39. Nb4 Bb3
40. Kxc3 Bd1 41. f4 Kg6 42. Kd2 Bb3 43. Ke3 Kf5 44. h3 Bc4 45. Kf3 Bb3 46. g4+
Kg6 47. Ke4 h4 48. Nd3 Bc2 49. Kd4 Bd1 50. Nf2 Bf3 51. f5+ Kg5 52. Kc4 Kf4 53.
Nd3+ Kg3 54. Ne1 Be4 55. Kd4 Bh1 {Time forfeit} 0-1

[Event "Rated Blitz tournament VOiBBj1s"]
[Site "?"]
[Date "2021.03.12"]
[Round "?"]
[White "Starinov"]
[Black "ChessMeraki"]
[Result "0-1"]
[WhiteElo "2462"]
[BlackElo "2364"]
[PlyCount "126"]
[EventDate "2021.??.??"]
[EventType "blitz"]

1. e4 e5 2. Nf3 d5 3. d4 dxe4 4. Nxe5 Bd6 5. Nc4 Nc6 6. c3 Nf6 7. Bg5 Bf5 8.
Be2 O-O 9. Nbd2 Be7 10. Bxf6 Bxf6 11. Ne3 Bg6 12. O-O Bg5 13. Bc4 Kh8 14. f4
exf3 15. Qxf3 Nxd4 16. Qf2 Bxe3 17. Qxe3 Nc2 18. Qf4 Nxa1 19. Rxa1 Qd6 20. Qxd6
cxd6 21. Nf3 Be4 22. Nd4 d5 23. Bf1 a6 24. a4 Rfe8 25. Kf2 g6 26. a5 Kg7 27. g3
f5 28. Ra3 Rad8 29. Rb3 Re7 30. Rb6 Kf7 31. h4 h6 32. h5 Rg8 33. hxg6+ Rxg6 34.
Rb4 h5 35. Be2 Rg5 36. Bf1 Ke8 37. Rb6 Kf7 38. Bh3 Rc7 39. Rh6 Re7 40. Rb6 Bd3
41. Rd6 Bc4 42. Rb6 h4 43. gxh4 Rh5 44. Bg2 Rxh4 45. Kg3 Rg4+ 46. Kf2 Rf4+ 47.
Bf3 Rh4 48. Kg3 Rh8 49. Kf4 Rh4+ 50. Kxf5 Bd3+ 51. Kg5 Rh8 52. Bxd5+ Kf8 53.
Ne6+ Rxe6 54. Bxe6 Ke7 55. Bf5 Bxf5 56. Kxf5 Rh5+ 57. Kg4 Rxa5 58. Rxb7+ Kd6
59. Rb4 Kc5 60. Rd4 Kc6 61. b4 Ra1 62. Rc4+ Kb6 63. Rc5 Rg1+ {Time forfeit} 0-1

[Event "Rated Blitz game"]
[Site "?"]
[Date "2021.03.12"]
[Round "?"]
[White "imaf_nozaf443"]
[Black "Blind2250"]
[Result "1-0"]
[WhiteElo "2382"]
[BlackElo "2433"]
[PlyCount "89"]
[EventDate "2021.??.??"]
[EventType "blitz"]

1. e4 e5 2. Nf3 d5 3. exd5 e4 4. Nd4 Qxd5 5. Nb5 Na6 6. N1c3 Qf5 7. d4 c6 8.
Na3 Bxa3 9. bxa3 Nf6 10. Be2 O-O 11. O-O Qg6 12. f4 exf3 13. Bxf3 Bf5 14. Rf2
Rad8 15. Be3 Nc5 16. Qc1 Nce4 17. Bxe4 Nxe4 18. Nxe4 Bxe4 19. c3 h6 20. Qd2 Bd5
21. Raf1 Bc4 22. Re1 Rfe8 23. Bf4 f6 24. Rf3 Bd5 25. Rg3 Rxe1+ 26. Qxe1 Qh5 27.
Qd2 Re8 28. Bxh6 Re2 29. Qc1 Rxg2+ 30. Rxg2 Bxg2 31. Kxg2 gxh6 32. Qf4 Kg7 33.
Qc7+ Qf7 34. Qg3+ Kh7 35. Qf2 f5 36. Kg3 Qd5 37. Qf4 Kg6 38. h4 Qe4 39. Qxe4
fxe4 40. Kf4 Kh5 41. c4 Kxh4 42. d5 cxd5 43. cxd5 Kh5 44. d6 Kg6 45. d7 {Normal
} 1-0

[Event "Rated Blitz game"]
[Site "?"]
[Date "2021.03.12"]
[Round "?"]
[White "Merlotty"]
[Black "Killerrhino"]
[Result "1-0"]
[WhiteElo "2478"]
[BlackElo "2386"]
[PlyCount "145"]
[EventDate "2021.??.??"]
[EventType "blitz"]

1. e4 e5 2. Nf3 d5 3. d3 dxe4 4. dxe4 Qxd1+ 5. Kxd1 Nf6 6. Nbd2 Ng4 7. Ke2 Bc5
8. Nb3 Bb6 9. Be3 Nxe3 10. fxe3 Nc6 11. Rd1 f5 12. Nfd2 fxe4 13. Nxe4 Bf5 14.
Nec5 Bxc2 15. Rc1 Bxb3 16. axb3 O-O-O 17. g3 Nb4 18. Bh3+ Kb8 19. Nd7+ Ka8 20.
Nxb6+ cxb6 21. Rc7 g6 22. Bg2 Nc6 23. Bxc6 bxc6 24. Rxc6 Rc8 25. Rhc1 Rxc6 26.
Rxc6 Kb7 27. Re6 Rc8 28. Kd2 Rd8+ 29. Kc2 Rc8+ 30. Kd3 Rd8+ 31. Ke2 Rc8 32.
Rxe5 Rc2+ 33. Kd3 Rxb2 34. Re7+ Ka6 35. Kc3 Rxh2 36. g4 Rh4 37. g5 Rh5 38. e4
Rxg5 39. Rxh7 Rg1 40. e5 Re1 41. Kd4 Rb1 42. e6 Re1 43. Kd5 Kb5 44. Rxa7 g5 45.
Rg7 Rd1+ 46. Ke5 Re1+ 47. Kd6 Rd1+ 48. Kc7 Rc1+ 49. Kd7 Rd1+ 50. Ke8 Kb4 51.
Rxg5 b5 52. e7 Rf1 53. Rg3 Kc5 54. Rd3 Kc6 55. Kd8 Re1 56. e8=Q+ Rxe8+ 57. Kxe8
Kc5 58. Ke7 Kb4 59. Ke6 Ka3 60. Kd5 Kb4 61. Kd4 Ka3 62. Kc5 b4 63. Kc4 Ka2 64.
Rd2+ Ka3 65. Rd8 Kb2 66. Kxb4 Kc2 67. Kc4 Kb2 68. b4 Ka3 69. b5 Ka4 70. b6 Ka5
71. b7 Ka6 72. b8=Q Ka5 73. Qb5# {Normal} 1-0

[Event "Rated Blitz game"]
[Site "?"]
[Date "2021.03.12"]
[Round "?"]
[White "DVRazor"]
[Black "Chesspirate_Channel"]
[Result "1-0"]
[WhiteElo "2460"]
[BlackElo "2387"]
[PlyCount "49"]
[EventDate "2021.??.??"]
[EventType "blitz"]

1. e4 e5 2. Nf3 d5 3. exd5 e4 4. Qe2 Nf6 5. d3 Be7 6. dxe4 O-O 7. Nc3 Re8 8.
Qc4 c6 9. Bg5 b5 10. Qb3 b4 11. Ne2 Nxe4 12. Bxe7 Qxe7 13. Nfd4 cxd5 14. f3 Nc5
15. Qxd5 Bb7 16. Qc4 Ba6 17. Qd5 Bxe2 18. Bxe2 Nbd7 19. O-O Qe3+ 20. Kh1 Rac8
21. Bc4 Nb6 22. Qxf7+ Kh8 23. Nf5 Qg5 24. Nd6 Rf8 25. Qg8+ {Normal} 1-0

[Event "Rated Blitz game"]
[Site "?"]
[Date "2021.03.12"]
[Round "?"]
[White "Cwk_jaiden_s"]
[Black "Blind2250"]
[Result "1-0"]
[WhiteElo "2400"]
[BlackElo "2434"]
[PlyCount "53"]
[EventDate "2021.??.??"]
[EventType "blitz"]

1. e4 e5 2. Nf3 d5 3. Nc3 Nf6 4. exd5 e4 5. Ne5 Qe7 6. Bb5+ Nbd7 7. Nxd7 Bxd7
8. Bxd7+ Qxd7 9. O-O O-O-O 10. d3 exd3 11. Qxd3 Nxd5 12. Nxd5 Qxd5 13. Qh3+ Kb8
14. Be3 Bc5 15. Rfe1 Bxe3 16. Qxe3 b6 17. h3 Kb7 18. Qc3 f6 19. Re7 Rd7 20.
Rae1 Rhd8 21. Qg3 g6 22. Kh2 Qxa2 23. Qf3+ c6 24. Qxf6 Qc4 25. R1e3 a5 26. Rc3
Qd5 27. Rd3 {Normal} 1-0

[Event "Rated Blitz game"]
[Site "?"]
[Date "2021.03.12"]
[Round "?"]
[White "Carnizeros"]
[Black "DarthZannah"]
[Result "1/2-1/2"]
[WhiteElo "2602"]
[BlackElo "2514"]
[PlyCount "161"]
[EventDate "2021.??.??"]
[EventType "blitz"]

1. e4 e5 2. Nf3 d5 3. exd5 e4 4. Qe2 Nf6 5. d3 Qxd5 6. dxe4 Qxe4 7. Nc3 Qxe2+
8. Bxe2 Bf5 9. Nd4 Bg6 10. Ncb5 Na6 11. Bf4 Bc5 12. O-O-O O-O-O 13. Be5 Rhe8
14. f4 Ne4 15. Bg4+ Kb8 16. Nb3 f6 17. Nxc5 Nexc5 18. Bd4 c6 19. Nc3 Bf7 20. a3
Ne6 21. Be3 Rxd1+ 22. Rxd1 Kc7 23. g3 g6 24. f5 gxf5 25. Bxf5 Bg6 26. Bh3 Ng5
27. Bf4+ Kb6 28. Bg4 Nc5 29. b4 Nce4 30. Nxe4 Nxe4 31. Rd7 Nc3 32. Kb2 Ne2 33.
Bc7+ Ka6 34. Be6 Rxe6 35. a4 Ng1 36. c4 b5 37. axb5+ cxb5 38. c5 Be4 39. Bb8
Bb7 40. Rxh7 Nf3 41. h4 Nd4 42. h5 Nc6 43. Bf4 Nxb4 44. h6 Re8 45. Rf7 Nd5 46.
h7 Rh8 47. Bd6 Bc6 48. Kc2 b4 49. g4 Ne3+ 50. Kd3 Nxg4 51. Rg7 Ne5+ 52. Kd4 Nd7
53. Kc4 Bb5+ 54. Kxb4 Bc6 55. Kc4 Kb7 56. Kc3 a5 57. Re7 Ka6 58. Kb3 Kb5 59.
Ka3 Nxc5 60. Rg7 Ne6 61. Rf7 Ng5 62. Rxf6 Rxh7 63. Rf5+ Kc4 64. Rxg5 Rh3+ 65.
Kb2 Rd3 66. Rc5+ Kb4 67. Rxc6+ Kb5 68. Rc5+ Kb6 69. Rh5 Rxd6 70. Ka3 Ka6 71.
Ka4 Rd4+ 72. Ka3 Kb6 73. Kb3 Rb4+ 74. Ka3 Rb5 75. Rh6+ Kb7 76. Ka4 Rg5 77. Re6
Ka7 78. Rd6 Kb7 79. Re6 Ka7 80. Rf6 Kb7 81. Re6 {Normal} 1/2-1/2

[Event "Rated Blitz game"]
[Site "?"]
[Date "2021.03.12"]
[Round "?"]
[White "FedaMaster"]
[Black "Erow"]
[Result "1-0"]
[WhiteElo "2571"]
[BlackElo "2668"]
[PlyCount "71"]
[EventDate "2021.??.??"]
[EventType "blitz"]

1. e4 e5 2. Nf3 d5 3. Nc3 dxe4 4. Nxe4 Nf6 5. Nxf6+ Qxf6 6. d4 e4 7. Ne5 Bd6 8.
Nc4 O-O 9. Nxd6 cxd6 10. Be3 Nc6 11. c3 Qg6 12. Qc2 f5 13. g3 d5 14. h4 h6 15.
Be2 Be6 16. O-O-O Rfc8 17. Kb1 a5 18. a4 Nb4 19. Qd2 f4 20. gxf4 Nd3 21. Rdg1
Qf5 22. Bg4 Qxg4 23. Rxg4 Bxg4 24. Rg1 Bf5 25. Qd1 Kh7 26. h5 Ra6 27. Rg6 Bxg6
28. hxg6+ Rxg6 29. Qh5 Rcc6 30. Qxd5 Rge6 31. Qf5+ Kg8 32. d5 Rf6 33. Qxe4 Nc5
34. Qe8+ Rf8 35. Qxf8+ Kxf8 36. dxc6 {Normal} 1-0

[Event "Rated Blitz game"]
[Site "?"]
[Date "2021.03.12"]
[Round "?"]
[White "Neftegor"]
[Black "KamranShirazi"]
[Result "0-1"]
[WhiteElo "2537"]
[BlackElo "2554"]
[PlyCount "102"]
[EventDate "2021.??.??"]
[EventType "blitz"]

1. e4 e5 2. Nf3 d5 3. exd5 e4 4. Qe2 Nf6 5. d3 Bb4+ 6. c3 O-O 7. dxe4 Bc5 8.
Bg5 Re8 9. Bxf6 Qxf6 10. Nbd2 c6 11. O-O-O cxd5 12. Qb5 Nd7 13. exd5 a6 14. Qa4
b5 15. Bxb5 Nb6 16. Bxe8 Nxa4 17. Bxa4 Bxf2 18. Rhf1 Be3 19. Kb1 Bf5+ 20. Ka1
Bg6 21. Nc4 Bc5 22. Nd4 Qg5 23. Bc6 Rd8 24. Nb3 Bf8 25. g3 Qg4 26. Nd4 Bh5 27.
Rde1 Bc5 28. Rf4 Qc8 29. Ne5 Bd6 30. Rfe4 f6 31. Nc4 Bc5 32. Ne6 Bf8 33. Nxd8
Qxd8 34. Rd4 Bc5 35. Rd2 Bf7 36. b3 a5 37. a4 Kf8 38. Kb2 g6 39. d6 Bxc4 40.
bxc4 Qb6+ 41. Bb5 Bxd6 42. Re6 Ba3+ 43. Kxa3 Qxe6 44. Kb3 Qe3 45. Rd6 Qf2 46.
Ra6 Qxh2 47. Rxa5 Qxg3 48. Ra7 Qg1 49. Rxh7 g5 50. Kb4 Qb1+ 51. Kc5 Qxh7 {
Normal} 0-1

[Event "Rated Blitz game"]
[Site "?"]
[Date "2021.03.12"]
[Round "?"]
[White "EleKtRoMaGnIt"]
[Black "Fantastic_power06"]
[Result "0-1"]
[WhiteElo "2659"]
[BlackElo "2604"]
[PlyCount "102"]
[EventDate "2021.??.??"]
[EventType "blitz"]

1. e4 e5 2. Nf3 d5 3. Nxe5 Bd6 4. d4 dxe4 5. Nc3 Bxe5 6. dxe5 Qxd1+ 7. Kxd1 Nc6
8. Bf4 Bf5 9. Kc1 Nge7 10. Bb5 O-O-O 11. Bxc6 Nxc6 12. b3 Rhe8 13. Kb2 Nxe5 14.
Rhe1 Ng6 15. Be3 a6 16. Rad1 f6 17. h3 Nh4 18. Rxd8+ Rxd8 19. Rg1 Bg6 20. Ne2
Nf5 21. Kc3 Re8 22. Nd4 Nd6 23. a4 Bh5 24. g4 Bf7 25. Rd1 h5 26. Bf4 Rd8 27.
Rd2 hxg4 28. Bxd6 Rxd6 29. hxg4 g6 30. Ne2 Rxd2 31. Kxd2 Be6 32. Nf4 Bxg4 33.
Nxg6 Kd7 34. Nf4 Kd6 35. Ke3 f5 36. a5 Kc5 37. Ne6+ Kb4 38. Nxc7 Kxa5 39. Kd4
Bd1 40. Kc3 f4 41. Nd5 e3 42. Nxe3 fxe3 43. fxe3 Kb5 44. e4 Kc5 45. b4+ Kd6 46.
Kd3 Ke5 47. c4 Bf3 48. b5 Bxe4+ 49. Kc3 axb5 50. cxb5 b6 51. Kb4 Bd3 {Normal}
0-1

[Event "Rated Blitz game"]
[Site "?"]
[Date "2021.03.12"]
[Round "?"]
[White "sstrb"]
[Black "Blind2250"]
[Result "0-1"]
[WhiteElo "2468"]
[BlackElo "2428"]
[PlyCount "66"]
[EventDate "2021.??.??"]
[EventType "blitz"]

1. e4 e5 2. Nf3 d5 3. exd5 e4 4. Qe2 Nf6 5. Nc3 Qe7 6. Nd4 Qe5 7. Ndb5 a6 8. d4
Qe7 9. Na3 b5 10. d6 cxd6 11. Bg5 Bb7 12. Nab1 d5 13. a3 Nbd7 14. Nd2 Qd6 15.
g3 Be7 16. Bh3 O-O 17. O-O h6 18. Bf4 Qb6 19. Nb3 Rfe8 20. Qd2 Bf8 21. Rfe1
Rad8 22. a4 b4 23. Nd1 a5 24. Ne3 Rc8 25. Nf5 Rc4 26. Rad1 Nh7 27. Bf1 Ndf6 28.
Bxc4 dxc4 29. Nc5 Bxc5 30. dxc5 Qxc5 31. Be3 Qxf5 32. Qd4 Ng5 33. h4 Nf3+ {
Normal} 0-1

[Event "Rated Blitz game"]
[Site "?"]
[Date "2021.03.12"]
[Round "?"]
[White "pls_resign"]
[Black "annaly1979"]
[Result "0-1"]
[WhiteElo "2426"]
[BlackElo "2385"]
[PlyCount "56"]
[EventDate "2021.??.??"]
[EventType "blitz"]

1. e4 e5 2. Nf3 d5 3. Nxe5 Qe7 4. d4 f6 5. Nd3 Nc6 6. c3 Bf5 7. Be2 Bxe4 8. O-O
Qf7 9. Bf3 O-O-O 10. Bf4 g5 11. Bg3 h5 12. h3 g4 13. hxg4 hxg4 14. Bxg4+ Kb8
15. b4 Nh6 16. Bh5 Qh7 17. Nf4 Nf5 18. b5 Na5 19. Nd2 Bd6 20. Nxe4 dxe4 21. Ne6
Rdg8 22. Bxd6 Nxd6 23. Nf4 Rg5 24. Re1 Qh6 25. Rb1 Nac4 26. Rb4 Rgg8 27. Rxc4
Nxc4 28. Rxe4 Nd6 {Normal} 0-1

[Event "Rated Blitz game"]
[Site "?"]
[Date "2021.03.12"]
[Round "?"]
[White "farrookh"]
[Black "KamranShirazi"]
[Result "1-0"]
[WhiteElo "2413"]
[BlackElo "2528"]
[PlyCount "67"]
[EventDate "2021.??.??"]
[EventType "blitz"]

1. e4 e5 2. Nf3 d5 3. Nxe5 Bd6 4. d4 dxe4 5. Nc4 Nc6 6. Nc3 Bb4 7. Be3 Nge7 8.
Be2 Nd5 9. O-O Bxc3 10. bxc3 Nxc3 11. Qd2 Nxe2+ 12. Qxe2 O-O 13. c3 f5 14. Bf4
Be6 15. Ne5 Nxe5 16. Bxe5 c6 17. Rab1 b5 18. Qe3 Bb3 19. axb3 a5 20. Qg3 Rf7
21. c4 a4 22. cxb5 cxb5 23. bxa4 bxa4 24. Ra1 Ra6 25. Rfb1 Rg6 26. Qe3 Qd5 27.
Rb8+ Rf8 28. Rxf8+ Kxf8 29. Rxa4 h6 30. g3 Kg8 31. Ra7 Kh7 32. Qa3 e3 33. Qxe3
Rc6 34. Rxg7+ {Normal} 1-0

[Event "Rated Blitz game"]
[Site "?"]
[Date "2021.03.12"]
[Round "?"]
[White "QMagico"]
[Black "Dzon_Vejn"]
[Result "0-1"]
[WhiteElo "2370"]
[BlackElo "2412"]
[PlyCount "58"]
[EventDate "2021.??.??"]
[EventType "blitz"]

1. e4 e5 2. Nf3 d5 3. exd5 e4 4. Qe2 Nf6 5. d3 Qxd5 6. Nc3 Bb4 7. Bd2 Bxc3 8.
Bxc3 Nbd7 9. Ng5 Qxg5 10. dxe4 O-O 11. h4 Qg4 12. f3 Qg3+ 13. Qf2 Qxf2+ 14.
Kxf2 Re8 15. g4 Ne5 16. g5 Nh5 17. Rd1 Ng6 18. a4 Be6 19. b3 c6 20. Bd4 b6 21.
Be3 Rad8 22. Ba6 Kf8 23. Bb7 c5 24. Bc6 Rxd1 25. Rxd1 Rc8 26. Bb7 Rb8 27. Ba6
Ke7 28. Bb5 Rd8 29. Rxd8 Kxd8 {Time forfeit} 0-1

[Event "Rated Blitz game"]
[Site "?"]
[Date "2021.03.12"]
[Round "?"]
[White "GMferney28"]
[Black "Killerrhino"]
[Result "1-0"]
[WhiteElo "2412"]
[BlackElo "2373"]
[PlyCount "101"]
[EventDate "2021.??.??"]
[EventType "blitz"]

1. e4 e5 2. Nf3 d5 3. Nxe5 Bd6 4. Nf3 dxe4 5. Nd4 Bxh2 6. Rxh2 Qxd4 7. Nc3 Bf5
8. Qh5 Nf6 9. Qxf5 Nc6 10. d3 exd3 11. Qxd3 O-O 12. Qxd4 Nxd4 13. Bd3 Rfe8+ 14.
Kf1 h6 15. Be3 Nc6 16. Bb5 Re6 17. Re1 Ne5 18. Bd4 Neg4 19. Rh3 Rd6 20. Rd3 h5
21. f3 Nh6 22. Be5 Rxd3 23. Bxd3 c6 24. Bxf6 gxf6 25. Re7 Rb8 26. Ne4 Kg7 27.
Nd6 b5 28. Kf2 a5 29. a3 b4 30. a4 b3 31. c4 Rd8 32. c5 Rb8 33. Bc4 Rb4 34.
Bxf7 Nxf7 35. Rxf7+ Kg6 36. Rc7 Rxa4 37. Rxc6 Ra2 38. Nc4 a4 39. Ra6 Kf5 40. c6
Ke6 41. Ra8 a3 42. c7 axb2 43. c8=Q+ Kd5 44. Nb6+ Kd4 45. Qc4+ Ke5 46. Re8+ Kf5
47. Qd3+ Kg5 48. Rg8+ Kh4 49. g3+ Kh3 50. Qf5+ Kh2 51. Qxh5# {Normal} 1-0

[Event "Rated Blitz game"]
[Site "?"]
[Date "2021.03.12"]
[Round "?"]
[White "DVRazor"]
[Black "Chesspirate_Channel"]
[Result "1-0"]
[WhiteElo "2452"]
[BlackElo "2398"]
[PlyCount "193"]
[EventDate "2021.??.??"]
[EventType "blitz"]

1. e4 e5 2. Nf3 d5 3. exd5 e4 4. Qe2 Nf6 5. d3 Qxd5 6. dxe4 Qxe4 7. Nc3 Bb4 8.
Bd2 Qxe2+ 9. Bxe2 O-O 10. O-O-O c6 11. Ne5 Nbd7 12. Nd3 Ba5 13. f4 Re8 14. Bf3
Bc7 15. Rhe1 Nb6 16. Ne5 Nfd5 17. Ne4 f6 18. Nd3 Bf5 19. Nec5 Bxd3 20. Nxd3
Rxe1 21. Rxe1 Bd6 22. b3 Kf7 23. c4 Nc7 24. c5 Bf8 25. cxb6 axb6 26. Kb1 Nb5
27. a4 Nd4 28. Bd1 b5 29. g4 bxa4 30. bxa4 b5 31. Bc3 Rd8 32. Bxd4 Rxd4 33.
Bb3+ Kg6 34. Re3 bxa4 35. Bc2 Kf7 36. h3 Bd6 37. f5 g6 38. Rf3 Kg7 39. fxg6
hxg6 40. Kb2 Rc4 41. Re3 f5 42. Re6 Rd4 43. Kc3 c5 44. gxf5 gxf5 45. Nb2 a3 46.
Nc4 a2 47. Re1 Rxc4+ 48. Kxc4 Be5 49. Rg1+ Kf6 50. h4 a1=Q 51. Rxa1 Bxa1 52.
Kxc5 Be5 53. Kd5 Bg3 54. h5 Kg5 55. Bd1 f4 56. Ke4 Kh6 57. Bf3 Bh4 58. Kxf4
Bg5+ 59. Kf5 Bd8 60. Bg4 Bg5 61. Ke6 Bd8 62. Kf7 Bh4 63. Ke8 Bf6 64. Kf7 Bg5
65. Ke6 Bh4 66. Kf5 Bg3 67. Bf3 Be1 68. Kg4 Bb4 69. Bd5 Ba5 70. Bf7 Bb4 71. Bg6
Ba5 72. Kf5 Bb4 73. Ke4 Ba5 74. Kd5 Bb4 75. Kc4 Ba3 76. Kb3 Bc1 77. Kc2 Bg5 78.
Kd3 Bh4 79. Ke4 Bg5 80. Kf5 Bh4 81. Kf4 Bg5+ 82. Kf5 Bd8 83. Ke6 Bg5 84. Kf7
Be3 85. Bf5 Bf4 86. Bg6 Be3 87. Kf6 Bf4 88. Kf5 Be3 89. Ke4 Bd2 90. Kf3 Bc1 91.
Ke2 Bg5 92. Kd3 Bf6 93. Ke4 Bg5 94. Ke5 Bh4 95. Kf5 Bg5 96. Kg4 Bh4 97. Kxh4 {
Time forfeit} 1-0